000 00624nam a22002297a 4500
005 20170124110221.0
010 _a794706
020 _c00.00
_a0706403525
035 _a794706
037 _bCen Lib/Ret
040 _aDPL
_bEN
082 _a646.2
_bHAR
100 _aHarlow, Eve
_939938
245 _aThe basic book of sewing /
_cby Eve Harlow
260 _aLondon
_bOctopus Books
_c1973
270 _bLondon
_a59, grosvenor street
300 _a125p.:
_c21cm(Hb)
_bill.
500 _aIncludes index
650 _aSewing
_939939
650 _aTailoring
_932586
942 _2ddc
_cEN
_h646.2
_mHAR
999 _c134152
_d134152